Advanced accounntancy : (Record no. 6326)
[ view plain ]
| 000 -LEADER | |
|---|---|
| fixed length control field | 00553cam a2200217ua 4500 |
| 001 - CONTROL NUMBER | |
| control field | 7206 |
| 005 - DATE AND TIME OF LATEST TRANSACTION | |
| control field | 20260515114153.0 |
| 008 - FIXED-LENGTH DATA ELEMENTS--GENERAL INFORMATION | |
| fixed length control field | 141204n ii |||gr||||Z||||||eng |
| 020 ## - INTERNATIONAL STANDARD BOOK NUMBER | |
| International Standard Book Number | 9788127244002 |
| 040 ## - CATALOGING SOURCE | |
| Transcribing agency | MAIN |
| 041 ## - LANGUAGE CODE | |
| Language code of text/sound track or separate title | eng |
| 082 ## - DEWEY DECIMAL CLASSIFICATION NUMBER | |
| Classification number | 657 |
| 100 ## - MAIN ENTRY--PERSONAL NAME | |
| Personal name | Jain, S.P., |
| Relator term | Author. |
| 245 ## - TITLE STATEMENT | |
| Title | Advanced accounntancy : |
| Remainder of title | Principles of accounting / |
| Statement of responsibility, etc. | By S.P. Jain . |
| 250 ## - EDITION STATEMENT | |
| Edition statement | 15th rev. |
| 260 ## - PUBLICATION, DISTRIBUTION, ETC. | |
| Place of publication, distribution, etc. | New Delhi: |
| Name of publisher, distributor, etc. | Kalyani, |
| Date of publication, distribution, etc. | 2008. |
| 300 ## - PHYSICAL DESCRIPTION | |
| Extent | 1122p. |
| 653 ## - INDEX TERM--UNCONTROLLED | |
| Uncontrolled term | Advanced accountancy |
| 700 ## - ADDED ENTRY--PERSONAL NAME | |
| Personal name | Narang, K.L., |
| Relator term | Author. |
| 942 ## - ADDED ENTRY ELEMENTS (KOHA) | |
| Koha item type | Books |
| Withdrawn status | Lost status | Damaged status | Not for loan | Home library | Current library | Shelving location | Date acquired | Total checkouts | Full call number | Barcode | Date last seen | Copy number | Price effective from | Koha item type |
|---|---|---|---|---|---|---|---|---|---|---|---|---|---|---|
| Naharkatiya College Library | Naharkatiya College Library | General stacks | 09/19/2020 | 657.046 | JAI | 21061 | 09/19/2020 | 2 | 09/19/2020 | Books | |||||
| Naharkatiya College Library | Naharkatiya College Library | General stacks | 09/19/2020 | 657.046 | JAI | 21062 | 09/19/2020 | 1 | 09/19/2020 | Books |